• 首页
  • 本馆介绍
  • 公告通知
  • 最新文献
  • 馆藏检索
  • 电子资源
  • 读者导购
  • 参考咨询
  • 我的图书馆
  • 登录
  • 详细信息显示
  • 放入我的书架
  • 预约/预借图书
  • 作者相关作品
  • 分类相关作品
  • 丛书相关作品
  • 出版社相关作品

书目信息

  • 表格格式
  • 工作单格式
  • 卡片格式
题名:
日本经济中的政府与企业
    
 
作者: 严善平
分册:  
出版信息:   上海远东出版社  1997.12
页数: 175页
开本: 大32开
丛书名:
单 册:
中图分类: F293.313
科图分类:
主题词: 城市经济 , 市政经济
电子资源:
ISBN: 7-80613-662-2
000 00572nam0 2200205 45
001 0308271074
005 20030827105700.1
010    @a7-80613-662-2@dRMB12.00
100    @a20030827d1997 km y0chiy0120 ea
101    @achi
105    @a z 000yy
200 1  @a日本经济中的政府与企业@Ari ben jing ji zhong de zheng fu yu qi ye@f严善平@Fyan shan ping
210    @c上海远东出版社@d1997.12
215    @a175页@c无图表@d大32开
606 0  @a城市经济
606 0  @a市政经济
690    @aF293.313@v3
701  0 @a严善平
801    @aCN@b@c20030827
905    @aBZT@dF293.313@e24
    
    日本经济中的政府与企业/严善平.-上海远东出版社,1997.12
    175页:无图表;大32开
    
    
    ISBN 7-80613-662-2:RMB12.00
    
●
相关链接 在五车中查询图书 在当当中查询图书 在豆瓣中查询图书


正题名:日本经济中的政府与企业     索取号:F293.313/24         预约/预借

序号 登录号 条形码 馆藏地/架位号 状态 备注
1 87063   200484715   中心书库北库/ 北库016架A面4列2层46/ [索取号:F293.313/24] 在馆    
2 87064   200484724   中心书库北库/ 北库016架A面4列2层48/ [索取号:F293.313/24] 在馆    
3 87065   200484742   中心书库北库/ 北库016架A面4列2层47/ [索取号:F293.313/24] 在馆    
山东省滨州职业学院图书馆 欢迎您!
大连网信软件有限公司© 版权所有